Mort subite : Médaillés d'or français aux JO de 2024 - Statistiques

Statistiques générales
  • Ce quiz a été pris 810 fois
  • Le résultat moyen est 4 sur 10
Answers on the Grid
Answers color-coded by a green-red scale on the quiz's grid according to % correct below.
Manon Apithy-Brunet
Sylvain André
Teddy Riner
Danis Civil
Billal Bennama
Angèle Hug
Sara Balzer
Djamili-Dini Aboudou Moindze
Sofiane Oumiha
Joris Daudet
Anastasiia Kirpichnikova
Romain Mahieu
Cassandre Beaugrand
Nicolas Gestin
Titouan Castryck
Auriane Mallo-Breton
Shirine Boukli
Yannick Borel
Luka Mkheidze
Althéa Laurin
Élodie Clouvel
Léon Marchand
Anthony Jeanjean
Joan-Benjamin Gaba
Pauline Ferrand-Prévot
Cyréna Samba-Mayela
Benjamin Thomas
Lauriane Nolot
Kauli Vaast
Christophe Laporte
Amandine Buchard
Sarah-Léonie Cysique
Clarisse Agbegnenou
Romane Dicko
Félix Lebrun
 
Statistiques - réponses
Réponse % Correct
Teddy Riner
86%
Manon Apithy-Brunet
58%
Léon Marchand
52%
Cassandre Beaugrand
35%
Pauline Ferrand-Prévot
34%
Joris Daudet
29%
Nicolas Gestin
27%
Kauli Vaast
21%
Althéa Laurin
18%
Benjamin Thomas
16%
Aucun quiz correspondant
Distribution des résultats
% des personnes avec chaque résultat
Percentile par nombre de réponses
Votre historique - résultats
Vous n’avez pas pris ce quiz